Foundations for microwave engineering (Record no. 4571)

000 -LEADER
fixed length control field 00609 a2200193 4500
020 ## - INTERNATIONAL STANDARD BOOK NUMBER
International Standard Book Number 0780360311
040 ## - CATALOGING SOURCE
Original cataloging agency DLC
Language of cataloging DLC
082 00 - DEWEY DECIMAL CLASSIFICATION NUMBER
Classification number 621.381/3
100 1# - MAIN ENTRY--PERSONAL NAME
Personal name Collin, Robert E.
245 10 - TITLE STATEMENT
Title Foundations for microwave engineering
Statement of responsibility, etc. Robert E. Collin
250 ## - EDITION STATEMENT
Edition statement 2nd ed.
260 ## - PUBLICATION, DISTRIBUTION, ETC.
Place of publication, distribution, etc. New York :
Name of publisher, distributor, etc. IEEE Press,
Date of publication, distribution, etc. c2001.
300 ## - PHYSICAL DESCRIPTION
Extent xix, 924 p. :
Other physical details ill. ;
Dimensions 24 cm.
440 #0 - SERIES STATEMENT/ADDED ENTRY--TITLE
Title IEEE Press series on electromagnetic wave theory
500 ## - GENERAL NOTE
General note Originally published: New York : McGraw Hill, c1992.
500 ## - GENERAL NOTE
General note "An IEEE Press classic reissue."
650 #0 - SUBJECT ADDED ENTRY--TOPICAL TERM
Topical term or geographic name entry element Microwave devices.
942 ## - ADDED ENTRY ELEMENTS (KOHA)
Koha item type Book
Call number prefix 621.3813 COL
Source of classification or shelving scheme
Holdings
Withdrawn status Lost status Damaged status Not for loan Collection code Permanent Location Current Location Shelving location Date acquired Source of acquisition Cost, normal purchase price Total Checkouts Total Renewals Full call number Barcode Date last seen Date last checked out Price effective from Koha item type
          Central Library (CL) Central Library (CL) General Stacks 07/13/2009 A&J Def Tek Consultant 9836.00 1 2 621.3813 COL SEECS009561 01/26/2022 11/20/2018 01/05/2017 Book
          Central Library (CL) Central Library (CL) General Stacks 08/11/2004 Book Field 831.67 1 1 621.3813 COL SEECS004676 10/06/2015 10/06/2015 01/05/2017 Book
          Central Library (CL) Central Library (CL) General Stacks 07/13/2009 A&J Def Tek Consultant 9836.00     621.3813 COL SEECS009560 11/14/2012   01/05/2017 Book
          Central Library (CL) Central Library (CL) General Stacks 10/16/2009 Star Books 903.29     621.3813 COL SEECS009726 11/14/2012   01/05/2017 Book
          Central Library (CL) Central Library (CL) General Stacks 12/08/2004 Academic Book Company 852.20 1   621.3813 COL SEECS005106 03/29/2016 12/10/2015 01/05/2017 Book
          Central Library (CL) Central Library (CL) General Stacks 07/13/2009 A&J Def Tek Consultant 9836.00 1   621.3813 COL SEECS009562 12/31/2018 12/27/2018 01/05/2017 Book
          Central Library (CL) Central Library (CL) General Stacks 04/19/2012 Allied Book Company 1218.09 3   621.3813 COL SEECS011205 01/15/2023 11/06/2022 01/05/2017 Book
          Central Library (CL) Central Library (CL) General Stacks 04/19/2012 Allied Book Company 1218.09 2 1 621.3813 COL SEECS011204 01/15/2016 09/12/2015 01/05/2017 Book
© 2023 Central Library, National University of Sciences and Technology. All Rights Reserved.